Culture Générale - Série 1650 - Statistiques

Statistiques générales
  • Ce quiz a été pris 115 fois
  • Le résultat moyen est 5 sur 10
Statistiques - réponses
Question Réponse % Correct
Quel célèbre chef mafieux de Chicago Eliot Ness a-t-il traqué avec ses Incorruptibles ? Alphonse Capone Al Capone
92%
Selon l'expression, quel adjectif qualifie le chapeau qui suit l'onomatopée "turlututu" ? pointu
89%
Quel homme politique a succédé à Boris Eltsine à la tête de la Fédération de Russie ? Vladimir Poutine
88%
Quel petit État d'Amérique centrale est situé entre le Mexique, le Guatemala et la mer des Antilles ? Belize
75%
Quel nom faisant référence à une tribu indienne donne-t-on aux cheveux hérissés en crête ? iroquois
75%
Dans quel pays actuel Marguerite Duras est-elle née ? Viêt Nam
45%
Dans le domaine de la finance, que signifie le "V" du sigle O.P.V. ? Vente
41%
De 1871 à 1890, quel prince fut chancelier du IIe Reich ? Otto von Bismarck
25%
Quel cinéaste, prénommé Raoul, réalise “Le Voleur de Bagdad”, film muet de 1924 avec Douglas Fairbanks ? Raoul Walsh
10%
D'après le titre de son roman paru en 1961, comment sont "les nuages" pour Françoise Sagan ? merveilleux
2%
Aucun quiz correspondant
Distribution des résultats
% des personnes avec chaque résultat
Percentile par nombre de réponses
Votre historique - résultats
Vous n’avez pas pris ce quiz